Welcome to the Holygrace Academy Library

Please use search bar below to get started

DEVELOP YOUR OBSERVATION AND CREATIVITY (Record no. 6648)

MARC details
000 -LEADER
fixed length control field 00231nam a22001097a 4500
082 ## - DEWEY DECIMAL CLASSIFICATION NUMBER
Classification number 001
Item number GOP/D
245 ## - TITLE STATEMENT
Title DEVELOP YOUR OBSERVATION AND CREATIVITY
260 ## - PUBLICATION, DISTRIBUTION, ETC. (IMPRINT)
Place of publication THRISSUR
Name of publisher H&C
300 ## - PHYSICAL DESCRIPTION
Number of Pages 32
650 ## - SUBJECT ADDED ENTRY--TOPICAL TERM
Topical Term GK
Geographic subdivision KERALA
942 ## - ADDED ENTRY ELEMENTS (KOHA)
Koha item type Books
Holdings
Withdrawn status Lost status Collection code Home library Current library Shelving location Date acquired Source of acquisition Full call number Accession Number Koha item type
    G.K Main Library Main Library SHELF-17B-- G.K RELATED QUIZ BOOK 27/03/2015 PURCHASE 001 GOP/D 09731 Books
    G.K Main Library Main Library SHELF-17B-- G.K RELATED QUIZ BOOK 27/03/2015 PURCHASE 001 GOP/D 09730 Books